| 000 | 00488nam a2200193Ia 4500 | ||
|---|---|---|---|
| 005 | 20240823012902.0 | ||
| 008 | 240823s9999||||xx |||||||||||||| ||und|| | ||
| 020 | _a81-85749-57-4 | ||
| 041 | _aENGLISH | ||
| 082 | _A621.319 P4 | ||
| 100 | _aGupta J B | ||
| 245 | 0 | _aTransmission and Distribution of Electrical Power | |
| 250 | _a9th | ||
| 260 |
_c2004 _b"Kataria S K," _aDelhi |
||
| 500 | _aTRANSFERED | ||
| 650 |
_aTransmission _bInstrumentation |
||
| 942 | _cBK | ||
| 999 |
_c165668 _d165668 |
||